[Event "GER-chT U12"]
[Site "Verden"]
[Date "2012.12.29"]
[Round "5.3"]
[White "Zetto, Lukas"]
[Black "Chernykh, Arkady"]
[Result "1-0"]
[WhiteElo "1204"]
[BlackElo "1192"]
[PlyCount "37"]
[EventDate "2012.12.27"]
[EventType "team-swiss"]
[EventRounds "7"]
[EventCountry "GER"]
[SourceTitle "EXT 2014"]
[Source "ChessBase"]
[SourceDate "2013.11.20"]
[SourceVersion "1"]
[SourceVersionDate "2013.11.20"]
[SourceQuality "1"]
[WhiteTeam "Spaichingen"]
[BlackTeam "Karlsruhe 1853"]
[WhiteTeamCountry "GER"]
[BlackTeamCountry "GER"]

1. e4 e5 2. Bc4 Nf6 3. Nc3 Bc5 4. d3 d6 5. Bg5 Nbd7 6. Nd5 c6 7. Nxf6+ Nxf6 8. Be3 Qb6 9. Bxc5 Qxc5 10. h3 d5 11. exd5 Nxd5 12. Bb3 0-0 13. Qe2 Re8 14. 0-0-0 a5 15. a3 a4 16. Ba2 b5 17. Qd2 Be6 18. d4 exd4 19. Qxd4 1-0

[Event "GER-chT U12"]
[Site "Verden"]
[Date "2012.12.28"]
[Round "4.3"]
[White "Goetz, Michael"]
[Black "Zetto, Lukas"]
[Result "1/2-1/2"]
[WhiteElo "1353"]
[BlackElo "1204"]
[PlyCount "67"]
[EventDate "2012.12.27"]
[EventType "team-swiss"]
[EventRounds "7"]
[EventCountry "GER"]
[SourceTitle "EXT 2014"]
[Source "ChessBase"]
[SourceDate "2013.11.20"]
[SourceVersion "1"]
[SourceVersionDate "2013.11.20"]
[SourceQuality "1"]
[WhiteTeam "Holtrup Porta Westfalica"]
[BlackTeam "Spaichingen"]
[WhiteTeamCountry "GER"]
[BlackTeamCountry "GER"]

1. e4 e6 2. Nc3 d5 3. Nf3 Bb4 4. e5 c5 5. d4 Nc6 6. a3 cxd4 7. Nxd4 Bxc3+ 8. bxc3 Bd7 9. Bf4 Qc8 10. Bb5 Nge7 11. 0-0 0-0 12. Qg4 Ng6 13. Rfe1 Nxf4 14. Qxf4 Nxd4 15. Bxd7 Qxd7 16. Qxd4 Rfc8 17. Re3 Rc4 18. Qd3 Rac8 19. Rh3 g6 20. Qd2 h5 21. Qg5 Kh7 22. Qd2 Qc7 23. Rb1 d4 24. Rb3 b6 25. Qe1 Rc5 26. cxd4 Rxc2 27. Rb1 Rc1 28. Rxc1 Qxc1 29. Qf1 Rc3 30. Rxc3 Qxc3 31. Qd1 Qxa3 32. h3 Qa2 33. Qf3 Kg7 34. Qf6+ 1/2-1/2